| 000 | 00798nam a2200205 i 4500 | ||
|---|---|---|---|
| 001 | 75315 | ||
| 003 | ES-MaACL | ||
| 005 | 20250724094352.0 | ||
| 007 | t| | ||
| 008 | 040923m19691970sp ab |||| | spa d | ||
| 245 | 0 | 0 | _aGran Atlas Aguilar. |
| 260 |
_a[Madrid] : _bAguilar, _c[1969-1970] |
||
| 300 |
_a3 v. : _bprincipalmente mapas col. ; _c50 cm. |
||
| 490 | 1 | _aSumma cartographica | |
| 505 | 8 |
_aContiene: I ; _tEuropa, Norte de Asia - II ; _tSur de Asia, África, Oceanía, América, mapas generales, mapas temáticos - III ; _tÍndice de topónimos, sistemas de transcripción, abreviaturas utilizadas en los mapas, relación de términos geográficos |
|
| 650 | 7 |
_aAtlas _2embne _910407 |
|
| 830 | 0 |
_aSumma cartographica _9231251 |
|
| 852 |
_aES-MaACL _jB-7747 |
||
| 999 |
_c75315 _d75315 |
||